000 01046cam a2200337 a 4500
005 20260322212039.0
008 data
010 _a 2002151905
020 _a0310215757
020 _a9780310215752
040 _aDLC
_cDLC
_dDLC
043 _ae-uk---
050 0 0 _aPS3553.A965
_bB49 2003
082 0 0 _a813/.54
_221
099 _aCAVANJ
100 1 _aCavanaugh, Jack,
_d1952-
245 1 0 _aBeyond the sacred page :
_ba novel : the Tyndale translation /
_cJack Cavanaugh.
260 _aGrand Rapids :
_bZondervan,
_cc2003.
300 _a336 p. :
_bmap ;
_c22 cm.
490 1 _aBook of books ;
_v2nd
600 1 0 _aTyndale, William,
_d-1536
_vFiction.
600 1 0 _aFoxe, John,
_d1516-1587
_vFiction.
630 0 0 _aBible
_xTranslating
_vFiction.
650 0 _aTranslators
_vFiction.
650 0 _aReformation
_vFiction.
651 0 _aGreat Britain
_xHistory
_yTudors, 1485-1603
_vFiction.
655 7 _aChristian fiction.
_2lcsh
655 7 _aBiographical fiction.
_2gsafd
800 1 _aCavanaugh, Jack,
_d1952-
_tBook of books ;
_vbk. 2.
001 data
999 _c918
_d918